000 00343nam a2200133 i 4500
001 bg
100 1 _aTHIRRING, Walter.
245 0 _aFizyka matematyczna.
_nT. 1,
_pKlasyczne układy dynamiczne /
_cWalter Thirring.
260 _aWarszawa,
_c1985.
040 _cBPK
041 _apol
942 _cKS
008 s pl f |000 0 pol
999 _c22893
_d22893
856 _uhttp://koha.tu.koszalin.pl/cgi-bin/koha/opac-detail.pl?biblionumber=22893
_yKatalog online BPK